| 000 -LEADER |
| fixed length control field |
02552cam a2200433 i 4500 |
| 001 - CONTROL NUMBER |
| control field |
17405001 |
| 003 - CONTROL NUMBER IDENTIFIER |
| control field |
OSt |
| 005 - DATE AND TIME OF LATEST TRANSACTION |
| control field |
20180116183013.0 |
| 008 - FIXED-LENGTH DATA ELEMENTS--GENERAL INFORMATION |
| fixed length control field |
120727s2013 nyua b 001 0 eng |
| 010 ## - LIBRARY OF CONGRESS CONTROL NUMBER |
| LC control number |
2012021719 |
| 020 ## - INTERNATIONAL STANDARD BOOK NUMBER |
| International Standard Book Number |
9780415587365 (hbk.) |
| 020 ## - INTERNATIONAL STANDARD BOOK NUMBER |
| International Standard Book Number |
0415587360 (hbk.) |
| 020 ## - INTERNATIONAL STANDARD BOOK NUMBER |
| International Standard Book Number |
9780415587372 (pbk.) |
| 020 ## - INTERNATIONAL STANDARD BOOK NUMBER |
| International Standard Book Number |
0415587379 (pbk.) |
| 020 ## - INTERNATIONAL STANDARD BOOK NUMBER |
| Canceled/invalid ISBN |
9780203079355 (ebk.) |
| 020 ## - INTERNATIONAL STANDARD BOOK NUMBER |
| Canceled/invalid ISBN |
0203079353 (ebk.) |
| 040 ## - CATALOGING SOURCE |
| Original cataloging agency |
DLC |
| Language of cataloging |
eng |
| Transcribing agency |
DLC |
| Modifying agency |
DLC |
| Description conventions |
rda |
| 042 ## - AUTHENTICATION CODE |
| Authentication code |
pcc |
| 050 00 - LIBRARY OF CONGRESS CALL NUMBER |
| Classification number |
TS155 |
| Item number |
.S838 2013 |
| 082 00 - DEWEY DECIMAL CLASSIFICATION NUMBER |
| Classification number |
658.4012 BRO 2012 |
| Edition number |
23 |
| 084 ## - OTHER CLASSIFICATION NUMBER |
| Classification number |
BUS000000 |
| -- |
BUS049000 |
| -- |
BUS063000 |
| Number source |
bisacsh |
| 100 1# - MAIN ENTRY--PERSONAL NAME |
| Personal name |
Brown, Steve, |
| Dates associated with a name |
1957- |
| 245 10 - TITLE STATEMENT |
| Title |
Strategic operations management / |
| Statement of responsibility, etc. |
Steve Brown, John Bessant, Richard Lamming. |
| 250 ## - EDITION STATEMENT |
| Edition statement |
Third edition. |
| 300 ## - PHYSICAL DESCRIPTION |
| Extent |
xiv, 497 pages : |
| Other physical details |
color illustrations ; |
| Dimensions |
25 cm |
| 504 ## - BIBLIOGRAPHY, ETC. NOTE |
| Bibliography, etc. note |
Includes bibliographical references and index. |
| 520 ## - SUMMARY, ETC. |
| Summary, etc. |
"This revitalized new edition of Strategic Operations Management focuses on the four core themes of operations strategy, a vital topic for any company's objectives: strategy, innovation, services, and supply. Expertly authored by a team of Europe's top scholars in the field, the text is enhanced by the addition of new case examples, graphic images, learning objectives, discussion questions, and suggestions for further reading. In addition, the companion website offers a comprehensive set of web links and videos to augment the learning experience. This truly comprehensive volume underscores the differences between the core theories that underpin operations management. Students taking MBA, MSc and MBM classes on operations management, advanced operations management, and strategic operations management will find this textbook fulfills all their requirements whilst advanced undergraduate classes in these areas will also find the book an essential read"-- |
| 650 #0 - SUBJECT ADDED ENTRY--TOPICAL TERM |
| Topical term or geographic name entry element |
Production management. |
| 650 #0 - SUBJECT ADDED ENTRY--TOPICAL TERM |
| Topical term or geographic name entry element |
Strategic planning. |
| 650 #7 - SUBJECT ADDED ENTRY--TOPICAL TERM |
| Topical term or geographic name entry element |
BUSINESS & ECONOMICS / General. |
| Source of heading or term |
bisacsh |
| 650 #7 - SUBJECT ADDED ENTRY--TOPICAL TERM |
| Topical term or geographic name entry element |
BUSINESS & ECONOMICS / Operations Research. |
| Source of heading or term |
bisacsh |
| 650 #7 - SUBJECT ADDED ENTRY--TOPICAL TERM |
| Topical term or geographic name entry element |
BUSINESS & ECONOMICS / Strategic Planning. |
| Source of heading or term |
bisacsh |
| 700 1# - ADDED ENTRY--PERSONAL NAME |
| Personal name |
Bessant, J. R. |
| 700 1# - ADDED ENTRY--PERSONAL NAME |
| Personal name |
Lamming, Richard. |
| 775 08 - OTHER EDITION ENTRY |
| Relationship information |
Revision of: |
| Title |
Strategic operations management / Steve Brown ... [et al.] |
| Place, publisher, and date of publication |
Oxford ; Boston : Butterworth-Heinemann, 2000 |
| Note |
TS155.S838 2000 |
| 906 ## - LOCAL DATA ELEMENT F, LDF (RLIN) |
| a |
7 |
| b |
cbc |
| c |
orignew |
| d |
1 |
| e |
ecip |
| f |
20 |
| g |
y-gencatlg |
| 942 ## - ADDED ENTRY ELEMENTS (KOHA) |
| Source of classification or shelving scheme |
|
| Koha item type |
Book |